[Event "Edmonton WBX=Tch"]
[Site "Edmonton CAN"]
[Date "2008.12.14"]
[Round "4"]
[White "Sasata, Robert"]
[Black "Purewal, Sardul"]
[Result "1-0"]
[WhiteElo "2267"]
[BlackElo "2081"]
[PlyCount "123"]
[GameId "2160767910285979"]
[EventDate "2008.12.13"]
[EventType "team"]
[EventRounds "5"]
[EventCountry "CAN"]
[SourceTitle "CBM 127 Extra"]
[Source "ChessBase"]
[SourceDate "2009.01.08"]
[SourceVersion "2"]
[SourceVersionDate "2009.01.28"]
[SourceQuality "1"]

1. d4 Nf6 2. c4 e6 3. Nc3 d5 4. cxd5 Nxd5 5. Nf3 Nxc3 6. bxc3 c5 7. e4 g6 8. Be2 Bg7 9. O-O O-O 10. Be3 cxd4 11. cxd4 b6 12. d5 exd5 13. exd5 Bxa1 14. Qxa1 Ba6 15. Bh6 f6 16. Bxa6 Nxa6 17. Bxf8 Qxf8 18. Rd1 Rd8 19. Qd4 Qd6 20. Qa4 Nc7 21. h4 Qc5 22. Qf4 Rxd5 23. Rc1 Ne6 24. Rxc5 Nxf4 25. Rc8+ Kf7 26. Rc7+ Kg8 27. g3 Nd3 28. Rxa7 b5 29. Kf1 Ne5 30. Nxe5 Rxe5 31. f4 Rc5 32. Kf2 f5 33. Ke3 Rc4 34. Kd3 Re4 35. Ra5 b4 36. Ra7 Kh8 37. Rc7 Re1 38. Ra7 Re4 39. Rd7 Re1 40. Kc4 Re4+ 41. Rd4 Re3 42. Kxb4 Kg7 43. a4 Rxg3 44. a5 Re3 45. a6 Kh6 46. a7 Re8 47. Rd7 Kh5 48. Rxh7+ Kg4 49. Rg7 Kxf4 50. Rxg6 Ke3 51. h5 f4 52. Re6+ Rxe6 53. a8=Q Re4+ 54. Kc3 f3 55. Qa7+ Kf4 56. h6 Re3+ 57. Kd2 Re2+ 58. Kd3 Re5 59. Qd4+ Kf5 60. Qxe5+ Kxe5 61. h7 f2 62. Ke2 1-0

[Event "Edmonton WBX=Tch"]
[Site "Edmonton CAN"]
[Date "2008.12.14"]
[Round "4"]
[White "Yearwood, Roy"]
[Black "Hansen, Eric"]
[Result "0-1"]
[WhiteElo "2075"]
[BlackElo "2362"]
[PlyCount "36"]
[GameId "2160767910285980"]
[EventDate "2008.12.13"]
[EventType "team"]
[EventRounds "5"]
[EventCountry "CAN"]
[SourceTitle "CBM 127 Extra"]
[Source "ChessBase"]
[SourceDate "2009.01.08"]
[SourceVersion "2"]
[SourceVersionDate "2009.01.28"]
[SourceQuality "1"]

1. d4 Nf6 2. Nc3 d5 3. Bg5 e6 4. Nf3 Nbd7 5. e4 h6 6. Bxf6 Nxf6 7. exd5 exd5 8. Bd3 Bd6 9. O-O O-O 10. h3 c6 11. Re1 Nh5 12. Ne2 Qf6 13. Ne5 Re8 14. Ng4 Bxg4 15. hxg4 Qh4 16. f3 Bh2+ 17. Kf1 Ng3+ 18. Nxg3 Bxg3 0-1

[Event "Edmonton WBX=Tch"]
[Site "Edmonton CAN"]
[Date "2008.12.14"]
[Round "5"]
[White "Hansen, Eric"]
[Black "MacKinnon, Keith"]
[Result "1-0"]
[WhiteElo "2362"]
[BlackElo "2076"]
[PlyCount "93"]
[GameId "2160767910285981"]
[EventDate "2008.12.13"]
[EventType "team"]
[EventRounds "5"]
[EventCountry "CAN"]
[SourceTitle "CBM 127 Extra"]
[Source "ChessBase"]
[SourceDate "2009.01.08"]
[SourceVersion "2"]
[SourceVersionDate "2009.01.28"]
[SourceQuality "1"]

1. d4 Nf6 2. c4 c5 3. Nf3 cxd4 4. Nxd4 g6 5. Nc3 Bg7 6. e4 d6 7. Be2 Nc6 8. Nc2 O-O 9. O-O Be6 10. Bd2 Rc8 11. Rc1 a6 12. b3 Nd7 13. Ne3 Nd4 14. f4 Nb8 15. Bd3 Nbc6 16. f5 Ne5 17. Bb1 Bd7 18. Ned5 Ndc6 19. Bg5 f6 20. Be3 Be8 21. Nb6 Rb8 22. Ncd5 Nd7 23. a4 Bf7 24. Nxd7 Qxd7 25. b4 Kh8 26. b5 Ne5 27. h3 Rg8 28. Ba2 Bf8 29. Qd2 gxf5 30. exf5 Bxd5 31. Qxd5 Rg3 32. Rce1 e6 33. fxe6 Qg7 34. Kh2 axb5 35. cxb5 Be7 36. Bf4 Rd3 37. Rxe5 Rxd5 38. Rxd5 Rg8 39. g3 Rc8 40. Bb1 Rc3 41. Rh5 Rc4 42. Bxh7 Qxh7 43. Rxh7+ Kxh7 44. Rc1 d5 45. Rxc4 dxc4 46. a5 c3 47. a6 1-0

[Event "Edmonton WBX=Tch"]
[Site "Edmonton CAN"]
[Date "2008.12.14"]
[Round "5"]
[White "Porper, Edward"]
[Black "Yearwood, Roy"]
[Result "1/2-1/2"]
[WhiteElo "2460"]
[BlackElo "2075"]
[PlyCount "80"]
[GameId "2160767910285982"]
[EventDate "2008.12.13"]
[EventType "team"]
[EventRounds "5"]
[EventCountry "CAN"]
[SourceTitle "CBM 127 Extra"]
[Source "ChessBase"]
[SourceDate "2009.01.08"]
[SourceVersion "2"]
[SourceVersionDate "2009.01.28"]
[SourceQuality "1"]

1. d4 Nc6 2. Nf3 d5 3. c4 Bg4 4. cxd5 Bxf3 5. gxf3 Qxd5 6. e3 e6 7. Nc3 Bb4 8. Bd2 Bxc3 9. Bxc3 Nge7 10. Bd3 Qh5 11. f4 Qxd1+ 12. Rxd1 Nd5 13. Bd2 f5 14. Rc1 O-O 15. Ke2 Rad8 16. Rc5 Rd6 17. a3 Rfd8 18. Kf3 Nce7 19. Rhc1 b6 20. R5c2 Kf7 21. Bb5 h6 22. h4 Ng6 23. Rxc7+ Nxc7 24. Rxc7+ Kf6 25. h5 a6 26. Bxa6 Ne7 27. Bd3 Nd5 28. Rc1 R6d7 29. Ke2 Kf7 30. f3 Nf6 31. Bb5 Ra7 32. Rc6 Rb7 33. Ba6 Rbb8 34. Bc4 Re8 35. Bb4 b5 36. Bb3 Nd5 37. Bd2 Rec8 38. Bxd5 exd5 39. Rd6 Rd8 40. Rg6 Re8 1/2-1/2

[Event "Edmonton WBX=Tch"]
[Site "Edmonton CAN"]
[Date "2008.12.14"]
[Round "5"]
[White "Purewal, Sardul"]
[Black "Gardner, Robert"]
[Result "1-0"]
[WhiteElo "2081"]
[BlackElo "2134"]
[PlyCount "107"]
[GameId "2160767910285983"]
[EventDate "2008.12.13"]
[EventType "team"]
[EventRounds "5"]
[EventCountry "CAN"]
[SourceTitle "CBM 127 Extra"]
[Source "ChessBase"]
[SourceDate "2009.01.08"]
[SourceVersion "2"]
[SourceVersionDate "2009.01.28"]
[SourceQuality "1"]

1. d4 Nf6 2. c4 e6 3. Nc3 Bb4 4. Qc2 Nc6 5. Nf3 O-O 6. Bg5 d5 7. e3 Ne7 8. Nd2 c6 9. a3 Bd6 10. Nf3 Ng6 11. Bd3 h6 12. Bxh6 gxh6 13. Bxg6 fxg6 14. Qxg6+ Kh8 15. Qxh6+ Nh7 16. Nh4 Qf6 17. Qxf6+ Rxf6 18. cxd5 exd5 19. f4 Be6 20. h3 c5 21. Nf3 c4 22. g4 Re8 23. Ne5 Bxe5 24. dxe5 Rh6 25. O-O-O Rd8 26. f5 Bg8 27. e6 Ng5 28. e7 Re8 29. h4 Nh7 30. g5 Rc6 31. f6 Nxf6 32. gxf6 Rxf6 33. Nxd5 Bxd5 34. Rxd5 Rxe7 35. Rg1 Kh7 36. Rc5 b5 37. Rxb5 Rxe3 38. Rh5+ Rh6 39. Rxh6+ Kxh6 40. Kc2 Re4 41. Rg5 Rxh4 42. Ra5 Kg6 43. Kc3 Kf6 44. Rxa7 Ke5 45. Rd7 Rg4 46. a4 Rh4 47. Kb4 c3+ 48. Kxc3 Rxa4 49. b4 Ke6 50. Rd2 Ra7 51. Kc4 Rc7+ 52. Kb5 Rc8 53. Ka6 Ra8+ 54. Kb7 1-0

[Event "Edmonton ch"]
[Site "Edmonton CAN"]
[Date "2008.01.10"]
[Round "1.1"]
[White "Lynn, Jim"]
[Black "Rekhson, Vladislav"]
[Result "0-1"]
[WhiteElo "1858"]
[BlackElo "2106"]
[PlyCount "124"]
[GameId "2160767910557671"]
[EventDate "2008.01.01"]
[EventType "k.o."]
[EventRounds "4"]
[EventCountry "CAN"]

1. a3 Nf6 2. Nf3 c5 3. g3 Nc6 4. Bg2 e5 5. c4 g6 6. d3 Bg7 7. Bg5 h6 8. Bxf6 Bxf6 9. Nc3 d6 10. Rb1 Be6 11. O-O O-O 12. b4 Bg7 13. bxc5 dxc5 14. Rxb7 Qa5 15. Qc1 Rab8 16. Rxb8 Rxb8 17. Nd2 Nd4 18. Re1 h5 19. Ndb1 Kh7 20. e3 Bh6 21. Qd1 Bg4 22. Qa4 Qxa4 23. Nxa4 Nc2 24. Rf1 Be2 25. Nbc3 Bxf1 26. Bxf1 f5 27. Nxc5 Nxe3 28. Nd7 Rb3 29. Nb5 Nxf1 30. Kxf1 a6 31. Nd6 Rxd3 32. c5 e4 33. Nb8 Rxa3 34. c6 Rc3 35. Nb7 Bg7 36. Nxa6 Rxc6 37. Nac5 Rc7 38. Ke2 Bf8 39. Ne6 Rxb7 40. Nxf8+ Kg7 41. Ne6+ Kf6 42. Nf4 Rb3 43. h4 Ra3 44. Nh3 Ra2+ 45. Ke3 Ra3+ 46. Ke2 Ra6 47. Nf4 Ke5 48. Nh3 Ra2+ 49. Ke3 Ra3+ 50. Ke2 Rb3 51. Nf4 Rb6 52. Ke3 Rc6 53. Nh3 Rc3+ 54. Ke2 Kd4 55. Nf4 Rc6 56. Kd2 Ra6 57. Ke2 e3 58. fxe3+ Ke4 59. Kf2 Ra2+ 60. Kf1 Kf3 61. Ke1 Kxe3 62. Kd1 Ra6 0-1

[Event "Edmonton ch"]
[Site "Edmonton CAN"]
[Date "2008.02.07"]
[Round "1.1"]
[White "Rekhson, Vladislav"]
[Black "Gicev, Blagoja"]
[Result "1-0"]
[WhiteElo "2106"]
[BlackElo "2367"]
[PlyCount "71"]
[GameId "2160767910557672"]
[EventDate "2008.01.01"]
[EventType "k.o."]
[EventRounds "4"]
[EventCountry "CAN"]

1. e4 c5 2. Nf3 d6 3. d4 cxd4 4. Qxd4 Nc6 5. Bb5 Bd7 6. Bxc6 Bxc6 7. Nc3 Nf6 8. Bg5 e6 9. O-O-O Be7 10. Qd3 Qa5 11. h4 O-O 12. Nd4 Rac8 13. f4 Rfe8 14. f5 h6 15. Kb1 Qe5 16. Nf3 Qg3 17. fxe6 fxe6 18. Be3 b5 19. Nd4 b4 20. Nxc6 Rxc6 21. Ne2 Qg4 22. Nd4 Rc7 23. Nb5 Rd7 24. Nxa7 Nxe4 25. Nc6 Bf6 26. Rhf1 d5 27. Rf4 Qxg2 28. Rxe4 Rc7 29. Rxb4 Rxc6 30. Rg1 Qh2 31. Rbg4 Rb8 32. b3 Rc3 33. Qg6 Rbxb3+ 34. axb3 Rxe3 35. Qe8+ Kh7 36. Rxg7+ 1-0

[Event "Edmonton ch"]
[Site "Edmonton CAN"]
[Date "2008.02.12"]
[Round "3.2"]
[White "Gicev, Blagoja"]
[Black "Rekhson, Vladislav"]
[Result "1-0"]
[WhiteElo "2367"]
[BlackElo "2106"]
[PlyCount "49"]
[GameId "2160767910557673"]
[EventDate "2008.01.01"]
[EventType "k.o."]
[EventRounds "4"]
[EventCountry "CAN"]

1. e4 c5 2. Nf3 a6 3. c3 d5 4. exd5 Qxd5 5. d4 e6 6. Be3 cxd4 7. cxd4 Nf6 8. Nc3 Qd6 9. Bd3 Be7 10. O-O O-O 11. Qe2 Nc6 12. Rad1 Nb4 13. Bb1 b5 14. Bg5 Bb7 15. Rfe1 Rac8 16. Ne5 Nbd5 17. Rd3 h6 18. Bxh6 gxh6 19. Qd2 Nh7 20. Qxh6 Bg5 21. Rg3 f5 22. h4 Rc7 23. hxg5 Rfc8 24. g6 Nhf6 25. Rh3 1-0

[Event "Edmonton ch"]
[Site "Edmonton CAN"]
[Date "2008.01.31"]
[Round "4"]
[White "Hughey, Micah"]
[Black "Haynes, Nicolas"]
[Result "1/2-1/2"]
[WhiteElo "2056"]
[BlackElo "2236"]
[PlyCount "64"]
[GameId "2160767910557674"]
[EventDate "2008.01.01"]
[EventType "k.o."]
[EventRounds "4"]
[EventCountry "CAN"]

1. e4 e6 2. c4 c5 3. Nf3 Nc6 4. d4 cxd4 5. Nxd4 Nf6 6. Nc3 Bb4 7. Nxc6 bxc6 8. Bd3 e5 9. O-O O-O 10. Be3 d6 11. Na4 Be6 12. a3 Ba5 13. b4 Bc7 14. h3 d5 15. cxd5 cxd5 16. Bc5 dxe4 17. Bxf8 exd3 18. Bc5 Qd7 19. Re1 Rd8 20. Bxa7 d2 21. Re3 e4 22. Nc5 Qd4 23. Rd3 exd3 24. Nxe6 Qxa7 25. Nxd8 Bxd8 26. Qxd2 Ne4 27. Qxd3 Qxf2+ 28. Kh1 Ng3+ 29. Kh2 Bc7 30. Qd7 Nf1+ 31. Kh1 Ng3+ 32. Kh2 Nf1+ 1/2-1/2

[Event "Edmonton int."]
[Site "Edmonton CAN"]
[Date "2008.07.31"]
[Round "1"]
[White "Friedel, Joshua E"]
[Black "Reeve, Jeff"]
[Result "1-0"]
[WhiteElo "2524"]
[BlackElo "2243"]
[PlyCount "75"]
[GameId "2160767910336856"]
[EventDate "2008.07.31"]
[EventType "swiss"]
[EventRounds "9"]
[EventCountry "CAN"]
[SourceTitle "EXT 2009"]
[Source "ChessBase"]
[SourceDate "2008.11.26"]
[SourceVersion "1"]
[SourceVersionDate "2008.11.26"]
[SourceQuality "1"]

1. e4 c5 2. Nf3 d6 3. d4 cxd4 4. Nxd4 Nf6 5. Nc3 g6 6. Be3 Bg7 7. f3 O-O 8. Qd2 Nc6 9. O-O-O d5 10. exd5 Nxd5 11. Nxc6 bxc6 12. Bd4 e5 13. Bc5 Be6 14. Ne4 Re8 15. h4 h6 16. g4 Qc7 17. g5 h5 18. Bc4 Nf4 19. Bxe6 Nxe6 20. Qc3 Nxc5 21. Qxc5 Qb6 22. Rd7 Qa6 23. Qa3 Qxa3 24. bxa3 Re6 25. Rhd1 Bf8 26. R1d3 Be7 27. Rb7 f5 28. gxf6 Bxf6 29. Rdd7 Bxh4 30. Nc5 Re7 31. Rxe7 Bxe7 32. Rxe7 Rf8 33. Ne6 Rxf3 34. Re8+ Kf7 35. Rf8+ Kxe6 36. Rxf3 g5 37. Kd2 g4 38. Rf8 1-0

[Event "Edmonton int."]
[Site "Edmonton CAN"]
[Date "2008.07.31"]
[Round "1"]
[White "Gerzhoy, Leonid"]
[Black "Haessel, Dale"]
[Result "0-1"]
[WhiteElo "2399"]
[BlackElo "2149"]
[PlyCount "124"]
[GameId "2160767910336857"]
[EventDate "2008.07.31"]
[EventType "swiss"]
[EventRounds "9"]
[EventCountry "CAN"]
[SourceTitle "EXT 2009"]
[Source "ChessBase"]
[SourceDate "2008.11.26"]
[SourceVersion "1"]
[SourceVersionDate "2008.11.26"]
[SourceQuality "1"]

1. e4 e5 2. Nf3 Nf6 3. Nxe5 d6 4. Nf3 Nxe4 5. Qe2 Qe7 6. d3 Nf6 7. Nc3 Qxe2+ 8. Bxe2 c6 9. Ne4 Nbd7 10. Bf4 Nxe4 11. dxe4 Nf6 12. e5 Nd5 13. Bg3 dxe5 14. Nxe5 Bb4+ 15. Kd1 O-O 16. a3 Be7 17. Bd3 Be6 18. Re1 Rad8 19. Ke2 f5 20. f4 Bc5 21. Kf3 Nf6 22. Bc4 Bxc4 23. Nxc4 Ne4 24. Rad1 h6 25. Ne5 Rfe8 26. Rd3 g5 27. Red1 Rxd3+ 28. Rxd3 Bd6 29. Be1 Bxe5 30. fxe5 Rxe5 31. b4 Kf7 32. c4 Nf6 33. Bc3 Re4 34. Bxf6 Kxf6 35. c5 a5 36. Rd6+ Ke5 37. bxa5 Ra4 38. Rxh6 Rxa5 39. Rh7 Rxa3+ 40. Kf2 Ra2+ 41. Kg3 Ra3+ 42. Kf2 Rb3 43. Rd7 Ke4 44. h3 g4 45. hxg4 fxg4 46. g3 Rb2+ 47. Kf1 Ke3 48. Kg1 Ke4 49. Kf1 Ke5 50. Kg1 Rb5 51. Rg7 Ke6 52. Rc7 Rxc5 53. Rxb7 Rf5 54. Kg2 Rb5 55. Rg7 Rb4 56. Kf2 Re4 57. Rg5 Kd6 58. Rg8 Kd5 59. Rd8+ Kc4 60. Rd1 c5 61. Rc1+ Kb3 62. Rb1+ Ka3 0-1

[Event "Edmonton int."]
[Site "Edmonton CAN"]
[Date "2008.07.31"]
[Round "1"]
[White "Gicev, Blagoja"]
[Black "Bolvary, Tamara"]
[Result "1-0"]
[WhiteElo "2312"]
[BlackElo "2046"]
[PlyCount "53"]
[GameId "2160767910336858"]
[EventDate "2008.07.31"]
[EventType "swiss"]
[EventRounds "9"]
[EventCountry "CAN"]
[SourceTitle "EXT 2009"]
[Source "ChessBase"]
[SourceDate "2008.11.26"]
[SourceVersion "1"]
[SourceVersionDate "2008.11.26"]
[SourceQuality "1"]

1. e4 c5 2. Nf3 e6 3. d4 cxd4 4. Nxd4 a6 5. Bd3 Qb6 6. Nb3 Qc7 7. O-O Nf6 8. Qe2 d6 9. f4 Nbd7 10. N1d2 Be7 11. Nf3 e5 12. Kh1 O-O 13. Bd2 exf4 14. Bxf4 Ne5 15. Nbd4 Nh5 16. Bd2 g6 17. Nf5 gxf5 18. Nxe5 Nf6 19. Nf3 fxe4 20. Bxe4 Nxe4 21. Qxe4 f5 22. Qd5+ Kg7 23. Bc3+ Bf6 24. Bxf6+ Kxf6 25. Qd4+ Kf7 26. Rae1 Qc5 27. Qh4 1-0

[Event "Edmonton int."]
[Site "Edmonton CAN"]
[Date "2008.07.31"]
[Round "1"]
[White "Hansen, Eric"]
[Black "Bluvshtein, Mark"]
[Result "1/2-1/2"]
[WhiteElo "2268"]
[BlackElo "2548"]
[PlyCount "98"]
[GameId "2160767910336859"]
[EventDate "2008.07.31"]
[EventType "swiss"]
[EventRounds "9"]
[EventCountry "CAN"]
[SourceTitle "EXT 2009"]
[Source "ChessBase"]
[SourceDate "2008.11.26"]
[SourceVersion "1"]
[SourceVersionDate "2008.11.26"]
[SourceQuality "1"]

1. e4 c5 2. Nf3 d6 3. d4 cxd4 4. Nxd4 Nf6 5. Nc3 a6 6. g3 g6 7. Bg2 Bg7 8. O-O O-O 9. a4 Bg4 10. f3 Bd7 11. Be3 Nc6 12. Nxc6 bxc6 13. a5 Rb8 14. Na4 Be6 15. Qd3 Nd7 16. Qxa6 Ra8 17. Qxc6 Qxa5 18. Nc5 Qxa1 19. Nxe6 Ne5 20. Qd5 Qxb2 21. Nxf8 Rxf8 22. Qb3 Rb8 23. Qxb2 Rxb2 24. Ra1 h5 25. Ra8+ Kh7 26. Rc8 Bf6 27. h3 Nd7 28. Rc4 h4 29. gxh4 Bxh4 30. f4 Rb1+ 31. Bf1 Nf6 32. Bf2 Bxf2+ 33. Kxf2 Nh5 34. Rc7 Rc1 35. Rxe7 Rxc2+ 36. Ke3 Kg7 37. Bd3 Rc6 38. e5 dxe5 39. fxe5 Kf8 40. Rb7 Re6 41. Kd4 Ng3 42. Bc4 Nf5+ 43. Kd3 Re7 44. Rxe7 Kxe7 45. Ke4 Ng7 46. Be2 Ne6 47. Bg4 Nc5+ 48. Kd4 Nd7 49. Ke4 f5+ 1/2-1/2

[Event "Edmonton int."]
[Site "Edmonton CAN"]
[Date "2008.07.31"]
[Round "1"]
[White "Haynes, Nicolas"]
[Black "Hungaski, Robert Andrew"]
[Result "0-1"]
[WhiteElo "2175"]
[BlackElo "2407"]
[PlyCount "74"]
[GameId "2160767910336860"]
[EventDate "2008.07.31"]
[EventType "swiss"]
[EventRounds "9"]
[EventCountry "CAN"]
[SourceTitle "EXT 2009"]
[Source "ChessBase"]
[SourceDate "2008.11.26"]
[SourceVersion "1"]
[SourceVersionDate "2008.11.26"]
[SourceQuality "1"]

1. d4 Nf6 2. c4 e6 3. Nf3 c5 4. g3 cxd4 5. Nxd4 Nc6 6. Bg2 Qb6 7. Nxc6 bxc6 8. O-O d5 9. Qc2 Be7 10. Nd2 O-O 11. b3 Bb7 12. Bb2 d4 13. c5 Bxc5 14. Rac1 Nd7 15. Nf3 Rfd8 16. Qe4 Nf6 17. Qd3 Bf8 18. Nd2 c5 19. Bxb7 Qxb7 20. Qf3 Qa6 21. a4 Rab8 22. Nc4 Qb7 23. Qxb7 Rxb7 24. Na5 Rb6 25. Ba3 Ne4 26. Rfd1 Rdb8 27. Rd3 Nc3 28. Rcxc3 dxc3 29. Rxc3 c4 30. bxc4 Bxa3 31. Rxa3 Ra6 32. Nb3 Rb4 33. Nc5 Ra5 34. Rd3 h5 35. Rd8+ Kh7 36. Ne4 Rxc4 37. f3 Rcxa4 0-1

[Event "Edmonton int."]
[Site "Edmonton CAN"]
[Date "2008.07.31"]
[Round "1"]
[White "Huber, Gregory"]
[Black "Kraai, Jesse"]
[Result "1-0"]
[WhiteElo "2236"]
[BlackElo "2513"]
[PlyCount "74"]
[GameId "2160767910336861"]
[EventDate "2008.07.31"]
[EventType "swiss"]
[EventRounds "9"]
[EventCountry "CAN"]
[SourceTitle "EXT 2009"]
[Source "ChessBase"]
[SourceDate "2008.11.26"]
[SourceVersion "1"]
[SourceVersionDate "2008.11.26"]
[SourceQuality "1"]

1. e4 e6 2. d3 d5 3. Qe2 Nf6 4. Nf3 Nc6 5. c3 dxe4 6. dxe4 e5 7. Qc2 Bg4 8. Be2 Bc5 9. Nbd2 a5 10. h3 Bh5 11. Bb5 O-O 12. Bxc6 bxc6 13. O-O Re8 14. Re1 Nd7 15. Rb1 a4 16. b4 axb3 17. axb3 Nf8 18. b4 Bd6 19. c4 c5 20. bxc5 Bxc5 21. Nb3 Bb4 22. Rd1 Qf6 23. Rd3 Ne6 24. Nxe5 Qxe5 25. Rd5 Bd1 26. Rxd1 c6 27. Bb2 Qg5 28. Rd3 Rad8 29. Rg3 Qh5 30. c5 Rd7 31. Qc4 Bd2 32. Nxd2 Rxd2 33. Qc3 Qh6 34. f4 Red8 35. f5 Nd4 36. Kh2 Qh4 37. Qa5 Re8 1-0

[Event "Edmonton int."]
[Site "Edmonton CAN"]
[Date "2008.07.31"]
[Round "1"]
[White "Moiseenko, Alexander"]
[Black "Peter, Steven"]
[Result "1-0"]
[WhiteElo "2632"]
[BlackElo "2303"]
[PlyCount "39"]
[GameId "2160767910345055"]
[EventDate "2008.07.31"]
[EventType "swiss"]
[EventRounds "9"]
[EventCountry "CAN"]

1. d4 d5 2. c4 e5 3. dxe5 d4 4. Nf3 Nc6 5. g3 Nge7 6. Bg2 Ng6 7. O-O Ngxe5 8. Nxe5 Nxe5 9. b3 g6 10. Nd2 Bg7 11. Ba3 h5 12. h4 g5 13. hxg5 h4 14. Ne4 Ng4 15. Qd3 a5 16. Rad1 Ra6 17. Nc5 Rg6 18. Qe4+ Ne5 19. gxh4 O-O 20. f4 1-0

[Event "Edmonton int."]
[Site "Edmonton CAN"]
[Date "2008.07.31"]
[Round "1"]
[White "Porper, Edward"]
[Black "Gardner, Robert"]
[Result "1/2-1/2"]
[WhiteElo "2476"]
[BlackElo "2185"]
[PlyCount "117"]
[GameId "2160767910345056"]
[EventDate "2008.07.31"]
[EventType "swiss"]
[EventRounds "9"]
[EventCountry "CAN"]
[SourceTitle "EXT 2009"]
[Source "ChessBase"]
[SourceDate "2008.11.26"]
[SourceVersion "1"]
[SourceVersionDate "2008.11.26"]
[SourceQuality "1"]

1. d4 Nf6 2. c4 e6 3. Nf3 b6 4. Nc3 Bb4 5. Bg5 h6 6. Bh4 g5 7. Bg3 Ne4 8. Qc2 Bb7 9. e3 Bxc3+ 10. bxc3 Nxg3 11. fxg3 d6 12. Bd3 Nd7 13. O-O Qe7 14. Be4 c6 15. Qa4 b5 16. cxb5 cxb5 17. Qc2 Bxe4 18. Qxe4 Nb6 19. Rab1 d5 20. Qd3 a6 21. Ne5 O-O 22. Qe2 Nd7 23. Nxd7 Qxd7 24. Rf6 Kg7 25. Rbf1 Qe7 26. Qh5 Qxf6 27. Rxf6 Kxf6 28. Qxh6+ Ke7 29. Qxg5+ f6 30. Qg7+ Rf7 31. Qg6 Rc8 32. e4 Rxc3 33. exd5 exd5 34. Qf5 Kd6 35. g4 Rcc7 36. h4 a5 37. g5 fxg5 38. Qe5+ Kc6 39. Qe6+ Kb7 40. Qxd5+ Kb6 41. Qxg5 b4 42. d5 a4 43. d6 Rb7 44. Qd5 Ka6 45. Qc6+ Ka5 46. Qd5+ Ka6 47. Qc5 Rg7 48. Kh2 Rb6 49. Qc8+ Rbb7 50. Qc6+ Ka5 51. Qc5+ Rb5 52. Qc8 Rbb7 53. Qc5+ Rb5 54. Qc6 Rbb7 55. Qd5+ Ka6 56. Qc5 Rb6 57. Qc8+ Rbb7 58. Qc5 Rb6 59. Qc8+ 1/2-1/2

[Event "Edmonton int."]
[Site "Edmonton CAN"]
[Date "2008.07.31"]
[Round "1"]
[White "Shabalov, Alexander"]
[Black "Pechenkin, Vladimir"]
[Result "1-0"]
[WhiteElo "2611"]
[BlackElo "2281"]
[PlyCount "71"]
[GameId "2160767910345057"]
[EventDate "2008.07.31"]
[EventType "swiss"]
[EventRounds "9"]
[EventCountry "CAN"]

1. e4 d5 2. exd5 Nf6 3. d4 Nxd5 4. c4 Nb6 5. Nc3 g6 6. c5 N6d7 7. Bc4 Bg7 8. Nf3 O-O 9. O-O Nc6 10. Re1 h6 11. Be3 e5 12. d5 Ne7 13. Qd2 Nf5 14. Rad1 Kh7 15. b4 a5 16. b5 Nxe3 17. Qxe3 f5 18. d6 e4 19. c6 bxc6 20. Nd4 Ne5 21. Nxc6 Nxc4 22. Qe2 Qd7 23. Qxc4 cxd6 24. Nd5 Qf7 25. Qc2 Be6 26. Nb6 Rae8 27. Rxd6 Bxa2 28. Nd7 Bb3 29. Qd2 Rg8 30. b6 a4 31. b7 a3 32. b8=Q Rxb8 33. Ndxb8 a2 34. Rd7 Qf6 35. Ra7 f4 36. Qb4 1-0

[Event "Edmonton int."]
[Site "Edmonton CAN"]
[Date "2008.07.31"]
[Round "1"]
[White "Thavandiran, Shiyam"]
[Black "Ganguly, Surya Shekhar"]
[Result "1/2-1/2"]
[WhiteElo "2288"]
[BlackElo "2631"]
[PlyCount "127"]
[GameId "2160767910345058"]
[EventDate "2008.07.31"]
[EventType "swiss"]
[EventRounds "9"]
[EventCountry "CAN"]
[SourceTitle "EXT 2009"]
[Source "ChessBase"]
[SourceDate "2008.11.26"]
[SourceVersion "1"]
[SourceVersionDate "2008.11.26"]
[SourceQuality "1"]

1. e4 e6 2. d4 d5 3. e5 c5 4. c3 Qb6 5. Nf3 Nc6 6. a3 Nh6 7. b4 cxd4 8. Bxh6 gxh6 9. cxd4 Bd7 10. Be2 Rc8 11. O-O Bg7 12. Qd3 O-O 13. Nbd2 a6 14. Nb3 f6 15. Nc5 Qc7 16. exf6 Bxf6 17. Rac1 Rf7 18. Qe3 Re8 19. b5 axb5 20. Bxb5 Bg7 21. Bxc6 Bxc6 22. Ne5 Rf5 23. g4 Bxe5 24. gxf5 Qg7+ 25. Kh1 Bxd4 26. Nxe6 Bxe3 27. Nxg7 Bxc1 28. Nxe8 Bb2 29. Nc7 d4+ 30. Kg1 Bxa3 31. Rd1 Bb2 32. Ne6 Bf3 33. Rd2 Bc3 34. Rxd4 Bxd4 35. Nxd4 Bd5 36. f4 Kf7 37. Kf2 Kf6 38. Ke3 Bc4 39. Kd2 Bf1 40. Kc3 Bh3 41. Kc4 Bxf5 42. Kd5 Bd3 43. Kd6 Be4 44. Kd7 Bd5 45. Kd6 Bg2 46. Kc5 Be4 47. Kd6 Bh1 48. Kc5 Bg2 49. Kd6 h5 50. h4 b6 51. Nc2 Kf5 52. Ne3+ Kxf4 53. Nxg2+ Kg3 54. Ne3 Kxh4 55. Ke5 Kg3 56. Nf5+ Kf3 57. Nd4+ Kg2 58. Nf5 b5 59. Kf4 h6 60. Nxh6 h4 61. Ng4 h3 62. Ke4 Kg3 63. Ne3 Kf2 64. Ng4+ 1/2-1/2

[Event "Edmonton int."]
[Site "Edmonton CAN"]
[Date "2008.07.31"]
[Round "1"]
[White "Vicary, Elizabeth"]
[Black "Cheng, Bindi"]
[Result "0-1"]
[WhiteElo "2145"]
[BlackElo "2333"]
[PlyCount "60"]
[GameId "2160767910345059"]
[EventDate "2008.07.31"]
[EventType "swiss"]
[EventRounds "9"]
[EventCountry "CAN"]
[SourceTitle "EXT 2009"]
[Source "ChessBase"]
[SourceDate "2008.11.26"]
[SourceVersion "1"]
[SourceVersionDate "2008.11.26"]
[SourceQuality "1"]

1. e4 c5 2. Nf3 e6 3. b3 Nf6 4. e5 Nd5 5. c4 Nc7 6. Bb2 Nc6 7. Bd3 d5 8. exd6 Qxd6 9. Qe2 f6 10. O-O Be7 11. Nc3 e5 12. Nh4 O-O 13. Ne4 Qd8 14. Ng3 Ne6 15. Qe4 Ng5 16. Qe3 g6 17. Rae1 Bd6 18. Ne4 Nxe4 19. Bxe4 Ne7 20. b4 Qb6 21. b5 a6 22. Qh6 Rf7 23. f4 exf4 24. Bd5 Nxd5 25. cxd5 c4+ 26. Kh1 Be5 27. Rxf4 Bf5 28. Bxe5 Re8 29. g4 Bd3 30. Nxg6 Bxg6 0-1

[Event "Edmonton int."]
[Site "Edmonton CAN"]
[Date "2008.08.01"]
[Round "2"]
[White "Bluvshtein, Mark"]
[Black "Thavandiran, Shiyam"]
[Result "1-0"]
[WhiteElo "2548"]
[BlackElo "2288"]
[PlyCount "107"]
[GameId "2160767910345060"]
[EventDate "2008.07.31"]
[EventType "swiss"]
[EventRounds "9"]
[EventCountry "CAN"]
[SourceTitle "EXT 2009"]
[Source "ChessBase"]
[SourceDate "2008.11.26"]
[SourceVersion "1"]
[SourceVersionDate "2008.11.26"]
[SourceQuality "1"]

1. d4 Nf6 2. c4 e6 3. Nc3 Bb4 4. f3 d5 5. a3 Be7 6. e4 dxe4 7. fxe4 e5 8. d5 Bc5 9. Nf3 Ng4 10. b4 Bf2+ 11. Ke2 c5 12. dxc6 Bd4 13. c7 Qxc7 14. Nd5 Qd8 15. Nxd4 exd4 16. Qxd4 O-O 17. h3 Nc6 18. Qc3 Qh4 19. g3 Qh5 20. Nf4 Qe5 21. Qxe5 Ngxe5 22. Ke3 f5 23. Bb2 fxe4 24. b5 g5 25. bxc6 gxf4+ 26. gxf4 Ng6 27. c5 Rf5 28. Rd1 bxc6 29. Rd8+ Kf7 30. Ba6 Ne7 31. Be5 Bxa6 32. Rxa8 Bd3 33. Rg1 Ng6 34. Rxa7+ Ke6 35. Rxh7 Nxe5 36. fxe5 Kxe5 37. Rg3 Kd5 38. h4 Rf1 39. Rh5+ Kc4 40. Re5 Re1+ 41. Kf4 Rf1+ 42. Kg5 Rf3 43. Rg4 Kd4 44. Rf5 Rh3 45. h5 Kc3 46. Rh4 Rg3+ 47. Kf4 Rf3+ 48. Kg4 Rxf5 49. Kxf5 e3+ 50. Kf4 e2 51. Rh1 Kd4 52. h6 Kxc5 53. Ke3 Kc4 54. Kf2 1-0